000 00333nam a2200145 i 4500
001 bg
100 1 _aNASH, D.F.
245 0 _aHave a nice trip /
_cD.F. Nash, L.L. Szkutnik.
260 _aWarszawa,
_c1985.
700 1 _aSZKUTNIK, L.L.
040 _cBPK
041 _apol
942 _cKS
008 s pl f |000 0 pol
999 _c1263
_d1263
856 _uhttp://koha.tu.koszalin.pl/cgi-bin/koha/opac-detail.pl?biblionumber=1263
_yKatalog online BPK